[Event "III Trofeo Perla del Sarcidano A"]
[Site "Laconi ITA"]
[Date "2007.08.08"]
[Round "8"]
[White "Carucci, Bruno"]
[Black "Palmas, Alessandro"]
[Result "0-1"]
[WhiteElo "1434"]
[BlackElo "1527"]
[PlyCount "86"]
[EventDate "2007.08.04"]

1. d4 Nf6 2. c4 g6 3. Nc3 Bg7 4. e4 d6 5. Nf3 O-O 6. Bd3 Re8 7. Be3 Nbd7 8. Qb3
e5 9. Rd1 exd4 10. Bxd4 Ng4 11. Bxg7 Kxg7 12. O-O Nc5 13. Qc2 a5 14. Nd5 Be6
15. e5 Bxd5 16. cxd5 Nxe5 17. Nxe5 Rxe5 18. f4 Re8 19. Qf2 Nxd3 20. Rxd3 f5 21.
h4 Re4 22. h5 Qf6 23. h6+ Kxh6 24. g4 fxg4 25. f5 gxf5 26. Qxf5 Qxf5 27. Rxf5
Kg6 28. Rf2 h5 29. Kg2 Rae8 30. Rdd2 Kg5 31. Kf1 h4 32. Rf7 Rf4+ 33. Rf2 Rxf2+
34. Rxf2 Re5 35. Rd2 g3 36. Kg2 Rf5 37. Kh3 Rf2 38. Rxf2 gxf2 39. Kg2 Kf4 40.
Kxf2 Ke4 41. Kg2 Kxd5 42. Kh3 Kd4 43. Kxh4 Kd3 0-1

[Event "III Trofeo Perla del Sarcidano A"]
[Site "Laconi ITA"]
[Date "2007.08.08"]
[Round "8"]
[White "Dessy, Eugenio"]
[Black "Caredda, Giuseppe"]
[Result "1-0"]
[WhiteElo "1602"]
[BlackElo "1451"]
[PlyCount "59"]
[EventDate "2007.08.04"]

1. Nf3 Nf6 2. g3 b6 3. Bg2 Bb7 4. O-O c5 5. c4 Nc6 6. d3 e6 7. b3 Be7 8. Bb2
Qc7 9. Nbd2 O-O 10. Rc1 Rad8 11. a3 a5 12. e3 d6 13. Rc2 Rd7 14. Qa1 Na7 15.
Rfc1 Rfd8 16. Ne4 Bxe4 17. dxe4 e5 18. Bh3 Nxe4 19. Bxd7 Qxd7 20. Rd1 Qf5 21.
Ne1 Ng5 22. Qb1 Qe4 23. Rcd2 Nh3+ 24. Kf1 Qh1+ 25. Ke2 Ng1+ 26. Kd3 e4+ 27. Kc2
Qxh2 28. Kc1 Nc6 29. Qxe4 Rc8 30. Qg4 1-0

[Event "III Trofeo Perla del Sarcidano A"]
[Site "Laconi ITA"]
[Date "2007.08.08"]
[Round "8"]
[White "Locci, Damiano"]
[Black "Puzzoni, Christian"]
[Result "1-0"]
[WhiteElo "2025"]
[BlackElo "2117"]
[PlyCount "143"]
[EventDate "2007.08.04"]

1. Nf3 Nf6 2. c4 c5 3. Nc3 g6 4. g3 Bg7 5. Bg2 O-O 6. O-O d6 7. d4 Nbd7 8. e4
cxd4 9. Nxd4 Nc5 10. Be3 Ng4 11. Qd2 Nxe3 12. Qxe3 Qb6 13. Nd5 Qxb2 14. Nxe7+
Kh8 15. Nb5 Be6 16. Rab1 Qf6 17. Nd5 Bxd5 18. cxd5 a6 19. Na3 Rac8 20. Rfc1 b5
21. Bh3 Rc7 22. Nc2 Re8 23. f3 Na4 24. Nb4 Rc3 25. Rxc3 Nxc3 26. Rb3 a5 27. Nc6
Nxd5 28. Qd3 Nc3 29. e5 dxe5 30. Qxc3 b4 31. Qc2 h5 32. Rd3 Kh7 33. Bd7 Ra8 34.
Kg2 Bf8 35. Rd5 a4 36. Nxe5 b3 37. axb3 a3 38. Ba4 Qe6 39. Rb5 Rc8 40. Nc4 h4
41. Rh5+ Kg8 42. Rxh4 Qf6 43. Re4 Kg7 44. Re2 Bc5 45. Nxa3 Qd4 46. Qc1 Qd3 47.
Qb2+ Kh7 48. Re4 Bf8 49. Qf6 Qd2+ 50. Kh3 Rc7 51. Rh4+ Bh6 52. f4 Qc3 53. Qxc3
Rxc3 54. Nc4 f5 55. Ne5 Kg7 56. Nf7 Bxf4 57. Rxf4 Kxf7 58. Rc4 Re3 59. Bc6 Kf6
60. b4 Re2 61. Ba4 g5 62. Rc2 g4+ 63. Kh4 Re7 64. Rc6+ Ke5 65. Kg5 Rg7+ 66. Rg6
Rb7 67. b5 Ra7 68. Bc2 Ra2 69. Bxf5 Rxh2 70. Bxg4 Rg2 71. Re6+ Kd5 72. Bf3+ 1-0

[Event "III Trofeo Perla del Sarcidano A"]
[Site "Laconi ITA"]
[Date "2007.08.08"]
[Round "8"]
[White "Mereu, Matteo"]
[Black "Gromovs, Sergejs"]
[Result "0-1"]
[WhiteElo "1953"]
[BlackElo "2368"]
[PlyCount "53"]
[EventDate "2007.08.04"]

1. e4 c5 2. Nf3 d6 3. b4 cxb4 4. d4 Nf6 5. Bd3 Bg4 6. Bb2 Nc6 7. Nbd2 e5 8. Qc1
exd4 9. Nxd4 Nxd4 10. Bxd4 Be7 11. O-O O-O 12. f3 Be6 13. Rf2 d5 14. Qb2 a5 15.
Re2 a4 16. Rf1 a3 17. Qa1 Rc8 18. Kh1 b6 19. Rfe1 Bc5 20. Bxf6 Qxf6 21. e5 Qh6
22. Nb3 Be7 23. Nd4 Bh4 24. Nxe6 fxe6 25. Rf1 Rf4 26. Qc1 Rcf8 27. Kg1 0-1

[Event "III Trofeo Perla del Sarcidano A"]
[Site "Laconi ITA"]
[Date "2007.08.08"]
[Round "8"]
[White "Napoli, Nicolo'"]
[Black "Altea, Giovanni"]
[Result "1-0"]
[WhiteElo "2277"]
[BlackElo "1789"]
[PlyCount "31"]
[EventDate "2007.08.04"]

1. e4 c5 2. c3 d5 3. exd5 Qxd5 4. d4 Nf6 5. Nf3 e6 6. Be3 cxd4 7. cxd4 Be7 8.
Nc3 Qd8 9. Bd3 Nbd7 10. O-O Nb6 11. Ne5 O-O 12. Qf3 Nbd5 13. Qh3 Bd7 14. Nxd5
exd5 15. Nxd7 Qxd7 16. Bxh7+ 1-0

[Event "III Trofeo Perla del Sarcidano A"]
[Site "Laconi ITA"]
[Date "2007.08.08"]
[Round "8"]
[White "Pinna, Nicola"]
[Black "Figus, Maurizio"]
[Result "0-1"]
[WhiteElo "1473"]
[BlackElo "1908"]
[PlyCount "66"]
[EventDate "2007.08.04"]

1. e4 c5 2. Nc3 Nc6 3. Bb5 Nd4 4. Bc4 g6 5. d3 Bg7 6. Be3 d6 7. Nge2 e5 8. O-O
Ne7 9. Nd5 O-O 10. Nxe7+ Qxe7 11. Nc3 Kh8 12. Nd5 Qh4 13. a4 Bg4 14. f3 Bd7 15.
c3 Ne6 16. Qd2 f5 17. exf5 gxf5 18. f4 Rae8 19. Rf3 exf4 20. Nxf4 Nxf4 21. Bxf4
Bc6 22. Bg5 Qh5 23. Rf2 a6 24. Bb3 d5 25. Bd1 Qg6 26. h4 h6 27. h5 Qxg5 28.
Qxg5 hxg5 29. Bc2 f4 30. Raf1 Re3 31. g4 Rg3+ 32. Rg2 Rxg2+ 33. Kxg2 d4+ 0-1

[Event "III Trofeo Perla del Sarcidano A"]
[Site "Laconi ITA"]
[Date "2007.08.08"]
[Round "8"]
[White "Setzu, Francesco"]
[Black "Pais, Mario"]
[Result "0-1"]
[WhiteElo "1646"]
[BlackElo "1837"]
[PlyCount "40"]
[EventDate "2007.08.04"]

1. d4 e5 2. dxe5 Nc6 3. Nf3 Qe7 4. Bf4 Qb4+ 5. Bd2 Qxb2 6. Bc3 Bb4 7. Qd2 Bxc3
8. Nxc3 Qxa1+ 9. Nd1 Nxe5 10. Nxe5 Qxe5 11. e3 Nf6 12. Be2 O-O 13. O-O d5 14.
c3 c5 15. h3 Bf5 16. Nb2 Ne4 17. Qc1 Nxc3 18. Bf3 Be4 19. Bd1 Nxa2 20. Bb3 Nxc1
0-1

[Event "III Trofeo Perla del Sarcidano A"]
[Site "Laconi ITA"]
[Date "2007.08.09"]
[Round "9"]
[White "Altea, Giovanni"]
[Black "Locci, Damiano"]
[Result "0-1"]
[WhiteElo "1789"]
[BlackElo "2025"]
[PlyCount "96"]
[EventDate "2007.08.04"]

1. c4 e6 2. Nc3 d5 3. cxd5 exd5 4. d4 Nf6 5. Nf3 c6 6. Bf4 Bd6 7. Bxd6 Qxd6 8.
e3 Bf5 9. Bd3 Be4 10. O-O O-O 11. Ng5 Re8 12. Bxe4 dxe4 13. f4 h6 14. Nh3 c5
15. dxc5 Qxc5 16. Qe2 Nc6 17. a3 Rad8 18. Nf2 Na5 19. Rac1 Nb3 20. Rcd1 Rxd1
21. Rxd1 Na5 22. Rd4 Qc6 23. Qb5 Qxb5 24. Nxb5 Nc6 25. Rd6 Re7 26. g4 Ne8 27.
Rd2 g6 28. Kf1 f5 29. gxf5 gxf5 30. Nd6 Nxd6 31. Rxd6 Kg7 32. Rd5 Kf6 33. Nh1
Re6 34. Ng3 Ne7 35. Rd7 Rb6 36. Rd2 Ke6 37. Kf2 Rb3 38. Ne2 Nc6 39. Nc1 Rb5 40.
Ne2 Rd5 41. Rxd5 Kxd5 42. Nc3+ Kc4 43. Kg3 Ne7 44. Kf2 Kb3 45. Nd1 a5 46. Ke2
Kc2 47. Ke1 a4 48. Ke2 Nd5 0-1

[Event "III Trofeo Perla del Sarcidano A"]
[Site "Laconi ITA"]
[Date "2007.08.09"]
[Round "9"]
[White "Caredda, Giuseppe"]
[Black "Setzu, Francesco"]
[Result "1-0"]
[WhiteElo "1451"]
[BlackElo "1646"]
[PlyCount "91"]
[EventDate "2007.08.04"]

1. e4 d6 2. d4 g6 3. Nf3 Bg7 4. Be3 b6 5. Nc3 Bb7 6. Bd3 Nc6 7. a3 a6 8. O-O
Nf6 9. Qd2 Ng4 10. Rfe1 Nxe3 11. Qxe3 O-O 12. Rad1 e6 13. Ne2 Ne7 14. Ng3 d5
15. e5 Rc8 16. h4 h5 17. Rf1 c5 18. c3 c4 19. Bc2 Qd7 20. Rd2 Kh8 21. Nh2 Ng8
22. f4 Qe7 23. Nf3 Nh6 24. Qe1 Rg8 25. Ne2 Ng4 26. Ng3 Bh6 27. Ng5 Rcf8 28. Nh1
Bc8 29. Nf2 Nxf2 30. Qxf2 Bd7 31. Bd1 f6 32. exf6 Rxf6 33. g3 Rgf8 34. Re1 Bxg5
35. hxg5 Rf5 36. Bc2 Rxg5 37. Qg2 Rxf4 38. gxf4 Rxg2+ 39. Rxg2 Be8 40. Bxg6
Bxg6 41. Rxg6 Qd6 42. f5 Qf4 43. fxe6 Qf5 44. Rg2 Qf8 45. Re5 Qf4 46. Rxh5+ 1-0

[Event "III Trofeo Perla del Sarcidano A"]
[Site "Laconi ITA"]
[Date "2007.08.09"]
[Round "9"]
[White "Cossu, Fabrizio"]
[Black "Puzzoni, Christian"]
[Result "0-1"]
[WhiteElo "1554"]
[BlackElo "2117"]
[PlyCount "53"]
[EventDate "2007.08.04"]

1. e4 e5 2. Nf3 d5 3. Nxe5 dxe4 4. d4 Bd6 5. f4 Nf6 6. Bc4 O-O 7. O-O c5 8. Be3
Qb6 9. b3 Nc6 10. Nxc6 Qxc6 11. Nc3 Ng4 12. d5 Qc7 13. Qe2 a6 14. a4 Bd7 15.
Nxe4 Rae8 16. Qf3 f5 17. Nxd6 Rxe3 18. Nxb7 Kh8 19. d6 Qb6 20. Qd5 Bc6 21. Qxc5
Qxb7 22. h3 Rg3 23. hxg4 Rxg2+ 24. Kh1 Rxc2+ 25. Kg1 Rg2+ 26. Kh1 Rxg4+ 27. Kh2
0-1

[Event "III Trofeo Perla del Sarcidano A"]
[Site "Laconi ITA"]
[Date "2007.08.09"]
[Round "9"]
[White "Dessy, Eugenio"]
[Black "Carucci, Bruno"]
[Result "1-0"]
[WhiteElo "1602"]
[BlackElo "1434"]
[PlyCount "91"]
[EventDate "2007.08.04"]

1. Nf3 Nf6 2. g3 g6 3. Bg2 Bg7 4. O-O O-O 5. c4 d5 6. cxd5 Nxd5 7. Nc3 c6 8. d3
Nxc3 9. bxc3 Bxc3 10. Rb1 Na6 11. Qb3 Bg7 12. Rd1 Nc7 13. e3 Nb5 14. d4 a5 15.
a4 Be6 16. Qb2 Nd6 17. Ng5 Bg4 18. f3 Nc4 19. Qc3 Ne5 20. Ba3 Nxf3+ 21. Nxf3
Qc8 22. Bxe7 Re8 23. Bc5 Rb8 24. Rf1 b5 25. Ne5 b4 26. Qe1 Rxe5 27. dxe5 Bxe5
28. Bd4 Bd6 29. Qf2 Be6 30. Qf6 Kf8 31. Qh8+ Ke7 32. Qxh7 Qg8 33. Qxg8 Rxg8 34.
Bxc6 Rb8 35. Bb5 Bf5 36. Rb2 Rc8 37. Rbf2 Be6 38. Bf6+ Kf8 39. Bd3 Bh3 40. Rb1
Rc3 41. Bxc3 bxc3 42. Bxg6 Be6 43. Bxf7 Bxf7 44. Rbf1 Ke8 45. Rxf7 c2 46. R7f2
1-0

[Event "III Trofeo Perla del Sarcidano A"]
[Site "Laconi ITA"]
[Date "2007.08.09"]
[Round "9"]
[White "Figus, Maurizio"]
[Black "Napoli, Nicolo'"]
[Result "0-1"]
[WhiteElo "1908"]
[BlackElo "2277"]
[PlyCount "52"]
[EventDate "2007.08.04"]

1. d4 c5 2. Nf3 Nf6 3. Nc3 cxd4 4. Nxd4 Nc6 5. e4 g6 6. Be3 Bg7 7. Bc4 O-O 8.
Bb3 Ng4 9. Nxc6 Nxe3 10. Nxd8 Nxd1 11. Nxf7 Nxc3 12. Nd6+ Kh8 13. Nxc8 Raxc8
14. bxc3 Bxc3+ 15. Ke2 Bxa1 16. Rxa1 Rc5 17. Rd1 d6 18. f3 b5 19. Ke3 a5 20. a4
Rb8 21. Rd4 Kg7 22. g4 Rc3+ 23. Ke2 bxa4 24. Bxa4 Rb4 25. Rxb4 axb4 26. Bb3 g5
0-1

[Event "III Trofeo Perla del Sarcidano A"]
[Site "Laconi ITA"]
[Date "2007.08.09"]
[Round "9"]
[White "Gromovs, Sergejs"]
[Black "Caglio, Luigi"]
[Result "1-0"]
[WhiteElo "2368"]
[BlackElo "1890"]
[PlyCount "53"]
[EventDate "2007.08.04"]

1. Nf3 d5 2. d4 Nf6 3. c4 e6 4. Nc3 Be7 5. Bf4 c6 6. e3 O-O 7. Qc2 Nbd7 8. a3
c5 9. Bd3 dxc4 10. Bxc4 cxd4 11. exd4 Nb6 12. Ba2 Nbd5 13. Bg5 Bd7 14. O-O Rc8
15. Ne5 h6 16. Bh4 Bb5 17. Bxf6 Nxf6 18. Rfe1 Qb6 19. Rad1 Rfd8 20. Nxf7 Kxf7
21. Rxe6 Qxe6 22. Bxe6+ Kxe6 23. Qg6 Bc6 24. Re1+ Kd6 25. d5 Bd7 26. Qg3+ Kc5
27. Qe3+ 1-0

[Event "III Trofeo Perla del Sarcidano A"]
[Site "Laconi ITA"]
[Date "2007.08.09"]
[Round "9"]
[White "Palmas, Alessandro"]
[Black "Mereu, Matteo"]
[Result "0-1"]
[WhiteElo "1527"]
[BlackElo "1953"]
[PlyCount "62"]
[EventDate "2007.08.04"]

1. e4 e5 2. Nf3 d5 3. d3 Bd6 4. exd5 Ne7 5. Nc3 c6 6. dxc6 Nbxc6 7. Ne4 Bf5 8.
Nxd6+ Qxd6 9. Be3 f6 10. Qd2 Nd5 11. Be2 O-O-O 12. Nh4 Be6 13. h3 g5 14. Nf3 h6
15. c4 Nxe3 16. fxe3 e4 17. Nh2 Qg3+ 18. Kf1 exd3 19. Bf3 Ne5 20. b3 Nxf3 21.
Nxf3 f5 22. Nd4 f4 23. exf4 Rxd4 24. fxg5 Re4 25. gxh6 Re2 26. Qxe2 dxe2+ 27.
Kxe2 Qxg2+ 28. Kd3 Rxh6 29. Rhe1 Rxh3+ 30. Kd4 Qd2+ 31. Kc5 Rh5+ 0-1

[Event "X Festival Sant'Anna A"]
[Site "Pisignano - Vernole ITA"]
[Date "2007.08.07"]
[Round "1"]
[White "Bernabei, Alberto"]
[Black "Bruno, Fabio"]
[Result "0-1"]
[WhiteElo "1998"]
[BlackElo "2443"]
[PlyCount "54"]
[EventDate "2007.08.07"]

1. Nf3 d5 2. g3 c6 3. Bg2 Bg4 4. Ne5 Bf5 5. d4 f6 6. Nd3 Nd7 7. Nd2 Qb6 8. c3
e5 9. dxe5 fxe5 10. e4 dxe4 11. Nxe4 Ngf6 12. Qe2 O-O-O 13. Be3 Qa6 14. f3 Be6
15. Qc2 Bb3 16. Qxb3 Qxd3 17. c4 Bb4+ 18. Bd2 Bxd2+ 19. Nxd2 Nc5 20. Qxd3 Nxd3+
21. Ke2 Nxb2 22. Rab1 Na4 23. Rb3 Rd4 24. Bh3+ Kb8 25. Rhb1 b6 26. Ra3 Rhd8 27.
Nb3 Nc3+ 0-1

[Event "X Festival Sant'Anna A"]
[Site "Pisignano - Vernole ITA"]
[Date "2007.08.07"]
[Round "1"]
[White "Bitossi, Massimo"]
[Black "Pace, Colin"]
[Result "0-1"]
[WhiteElo "1892"]
[BlackElo "2153"]
[PlyCount "70"]
[EventDate "2007.08.07"]

1. d4 d5 2. Bf4 Bf5 3. e3 e6 4. Nf3 Nf6 5. h3 h6 6. c4 c6 7. a3 Nbd7 8. Nc3 Be7
9. c5 Ne4 10. Bd3 O-O 11. Qc2 Nxc3 12. Qxc3 Re8 13. Bxf5 exf5 14. Qc2 g5 15.
Qxf5 gxf4 16. Qxf4 Bf8 17. h4 Bg7 18. Rh3 Re6 19. h5 Qe7 20. O-O-O Re4 21. Qh2
b6 22. Nd2 Re6 23. g4 bxc5 24. g5 cxd4 25. gxh6 Rxh6 26. Rg1 Kh8 27. exd4 Qf6
28. Nf3 Rh7 29. Kb1 Bh6 30. Qc7 Qf5+ 31. Ka2 Qxh3 32. Qxc6 Rg8 33. Rxg8+ Kxg8
34. Qc8+ Kg7 35. Ne5 Rh8 0-1

[Event "X Festival Sant'Anna A"]
[Site "Pisignano - Vernole ITA"]
[Date "2007.08.07"]
[Round "1"]
[White "Bozzali, Ermanno"]
[Black "Dell'Anna, Michele"]
[Result "1-0"]
[WhiteElo "2116"]
[BlackElo "1858"]
[PlyCount "105"]
[EventDate "2007.08.07"]

1. d4 Nf6 2. Nf3 g6 3. c4 Bg7 4. Nc3 O-O 5. Bg5 d6 6. e3 c6 7. h3 Qc7 8. Be2
Nbd7 9. O-O e5 10. b4 Re8 11. Qb3 exd4 12. exd4 Nf8 13. Rfe1 Ne6 14. Be3 Bd7
15. d5 Nf8 16. Rad1 cxd5 17. cxd5 a6 18. Rc1 Rac8 19. Nd4 Qd8 20. Bf3 h6 21. a4
g5 22. g4 Ng6 23. Qb1 Ne5 24. Be2 Nc4 25. Bxc4 Rxc4 26. Qb3 Rc8 27. Nce2 Qe7
28. Ng3 Qe5 29. Ndf5 Rxc1 30. Rxc1 Qxd5 31. Qxd5 Nxd5 32. Nxd6 Rd8 33. Nxb7 Rb8
34. Nc5 Be8 35. Nxa6 Ra8 36. b5 Nxe3 37. fxe3 Bb2 38. Rc2 Be5 39. Nf5 Kh7 40.
Kf2 Kg6 41. Rc5 f6 42. Ke2 h5 43. Kd2 hxg4 44. hxg4 Bd7 45. e4 Be6 46. Nc7 Rd8+
47. Kc2 Bxf5 48. exf5+ Kf7 49. Ne6 Rh8 50. Nxg5+ Ke7 51. Nf3 Bf4 52. Rc4 Bh6
53. b6 1-0

[Event "X Festival Sant'Anna A"]
[Site "Pisignano - Vernole ITA"]
[Date "2007.08.07"]
[Round "1"]
[White "Caggiano, Carmine"]
[Black "Sernagiotto, Mirko Virgilio"]
[Result "0-1"]
[WhiteElo "1874"]
[BlackElo "2128"]
[PlyCount "60"]
[EventDate "2007.08.07"]

1. g3 e5 2. Bg2 d5 3. d3 c6 4. e3 Nf6 5. Nd2 Be7 6. b3 Bf5 7. Bb2 Nbd7 8. Ne2
O-O 9. h3 h5 10. O-O Qb6 11. Nf3 Bd6 12. d4 e4 13. Nd2 Rae8 14. c4 Qd8 15. a4
Qe7 16. c5 Bb8 17. b4 g5 18. b5 Qe6 19. h4 gxh4 20. gxh4 Ng4 21. Ng3 Bg6 22.
Qe2 Qe7 23. Bh3 Qxh4 24. Bxg4 hxg4 25. Qe1 Kh7 26. f4 exf3 27. Nxf3 gxf3 28.
Rxf3 Rg8 29. Kf2 Qh2+ 30. Kf1 Bd3+ 0-1

[Event "X Festival Sant'Anna A"]
[Site "Pisignano - Vernole ITA"]
[Date "2007.08.07"]
[Round "1"]
[White "Collutiis, Duilio"]
[Black "Altini, Nicola"]
[Result "1-0"]
[WhiteElo "2405"]
[BlackElo "1939"]
[PlyCount "63"]
[EventDate "2007.08.07"]

1. e4 e5 2. Nf3 Nc6 3. Bb5 a6 4. Ba4 Nf6 5. Qe2 b5 6. Bb3 Be7 7. O-O O-O 8. Rd1
d6 9. c3 Na5 10. Bc2 c5 11. d3 Qc7 12. Nbd2 b4 13. Nf1 Nc6 14. Ng3 g6 15. Bh6
Re8 16. Bb3 a5 17. Bc4 Nd8 18. d4 Ne6 19. dxe5 dxe5 20. h3 Bf8 21. Bxf8 Kxf8
22. Qe3 Nf4 23. Ng5 Re7 24. Rac1 Qa7 25. Kh2 h6 26. Nf3 g5 27. Rd2 Bb7 28. Rd6
g4 29. Nxe5 Qb8 30. Qxf4 Nxe4 31. Qxh6+ Kg8 32. Rg6# 1-0

[Event "X Festival Sant'Anna A"]
[Site "Pisignano - Vernole ITA"]
[Date "2007.08.07"]
[Round "1"]
[White "Dappiano, Andrea"]
[Black "Piscopo, Pierluigi"]
[Result "0-1"]
[WhiteElo "1914"]
[BlackElo "2392"]
[PlyCount "54"]
[EventDate "2007.08.07"]

1. c4 e5 2. Nc3 Nf6 3. Nf3 Nc6 4. e4 Bb4 5. d3 h6 6. g3 a6 7. a3 Bxc3+ 8. bxc3
b5 9. cxb5 axb5 10. Rb1 Ra5 11. Bg2 O-O 12. O-O d5 13. exd5 Nxd5 14. Qe1 Re8
15. c4 bxc4 16. dxc4 e4 17. Nd2 Nf6 18. Nb3 Rh5 19. h4 Qd3 20. Bf4 g5 21. hxg5
hxg5 22. Bxc7 Bg4 23. Qe3 Qd7 24. Bb6 Ne5 25. Nc5 Qf5 26. Nxe4 Nf3+ 27. Bxf3
Bxf3 0-1

[Event "X Festival Sant'Anna A"]
[Site "Pisignano - Vernole ITA"]
[Date "2007.08.07"]
[Round "1"]
[White "Del Giudice, Stefano"]
[Black "Naumkin, Igor"]
[Result "0-1"]
[WhiteElo "2030"]
[BlackElo "2490"]
[PlyCount "118"]
[EventDate "2007.08.07"]

1. Nf3 Nf6 2. g3 d5 3. Bg2 c5 4. O-O Nc6 5. d3 e5 6. e4 d4 7. Nbd2 Be7 8. a4
Bg4 9. Nc4 Nd7 10. h3 Be6 11. b3 O-O 12. Ne1 Kh8 13. f4 exf4 14. Bxf4 g5 15.
Bd2 f6 16. g4 Nde5 17. Nxe5 Nxe5 18. Nf3 Ng6 19. Qe2 h6 20. e5 f5 21. Nh2 Qd7
22. gxf5 Bxf5 23. Qh5 Kg7 24. Rae1 Nh4 25. Ng4 Bxg4 26. Qxg4 Qxg4 27. hxg4 Nxg2
28. Kxg2 Kg6 29. Re4 Rxf1 30. Kxf1 Kf7 31. c3 Rd8 32. Ke2 Ke6 33. b4 cxb4 34.
cxb4 Rd5 35. Kf3 Bf8 36. Be1 Rxe5 37. Bg3 Rxe4 38. Kxe4 Bxb4 39. Kxd4 Bd6 40.
Bf2 a6 41. Kc4 Bf8 42. Bd4 Be7 43. Bb6 Ke5 44. Bc7+ Ke6 45. d4 b5+ 46. axb5
axb5+ 47. Kxb5 Kd5 48. Be5 Bf8 49. Bf6 Ke4 50. Kc4 Kf4 51. Kd3 Kxg4 52. Ke4 Kh3
53. Be5 g4 54. d5 h5 55. d6 g3 56. d7 Be7 57. Kf3 g2 58. Kf2 Bd8 59. Bd4 Kh2
0-1

[Event "X Festival Sant'Anna A"]
[Site "Pisignano - Vernole ITA"]
[Date "2007.08.07"]
[Round "1"]
[White "Della Rocca, Luigi"]
[Black "Rizzo, Giovanbattista"]
[Result "0-1"]
[WhiteElo "1832"]
[BlackElo "2112"]
[PlyCount "32"]
[EventDate "2007.08.07"]

1. e4 c5 2. Nc3 Nc6 3. g3 g6 4. Bg2 Bg7 5. d3 d6 6. Nge2 Nh6 7. O-O O-O 8. Nd5
e6 9. Ne3 f5 10. exf5 Nxf5 11. Nxf5 Rxf5 12. Bh3 Rf7 13. Nf4 e5 14. Ne6 Qe7 15.
Bg5 Bf6 16. Bxf6 Qxf6 0-1

[Event "X Festival Sant'Anna A"]
[Site "Pisignano - Vernole ITA"]
[Date "2007.08.07"]
[Round "1"]
[White "Dragojlovic, Andjelko"]
[Black "Limongelli, Sergio"]
[Result "1-0"]
[WhiteElo "2432"]
[BlackElo "1982"]
[PlyCount "62"]
[EventDate "2007.08.07"]

1. e4 c5 2. Nf3 e6 3. d4 cxd4 4. Nxd4 a6 5. Bd3 Nf6 6. O-O Be7 7. e5 Nd5 8. Qg4
g6 9. Bh6 d6 10. exd6 Qxd6 11. Nd2 Nf6 12. Qh4 Ng8 13. Nc4 Qc5 14. b4 Bxh4 15.
bxc5 Nxh6 16. Nb6 Bf6 17. c3 Nd7 18. Nxa8 Nxc5 19. Nb6 O-O 20. Rfd1 Ng4 21. Nb3
Nxd3 22. Rxd3 Be7 23. Re1 e5 24. Nxc8 Rxc8 25. h3 Nh6 26. Rd5 Bf6 27. Rc5 Re8
28. g4 Bh4 29. Kg2 Kg7 30. Nd4 Ng8 31. Rc7 Rd8 1-0

[Event "X Festival Sant'Anna A"]
[Site "Pisignano - Vernole ITA"]
[Date "2007.08.07"]
[Round "1"]
[White "Fasiello, Andrea"]
[Black "Altini, Daniele"]
[Result "1/2-1/2"]
[WhiteElo "1906"]
[BlackElo "2281"]
[PlyCount "121"]
[EventDate "2007.08.07"]

1. e4 g6 2. d4 Bg7 3. Nf3 d6 4. Bc4 e6 5. c3 a6 6. a4 b6 7. O-O Nd7 8. Re1 Ne7
9. Qe2 Bb7 10. Nbd2 h6 11. Ra3 O-O 12. b4 Kh7 13. h3 c5 14. Bb2 Qc7 15. Bd3 a5
16. b5 Rac8 17. Raa1 Rfe8 18. Nh2 f5 19. f3 Ng8 20. Rac1 Ngf6 21. Nhf1 Nh5 22.
g3 Rf8 23. Kh2 Rce8 24. Qg2 Ndf6 25. Re2 Re7 26. Rce1 Ref7 27. Kg1 Nd7 28. Nh2
cxd4 29. cxd4 Nc5 30. dxc5 Qxc5+ 31. Qf2 Bxb2 32. Qxc5 dxc5 33. Nc4 Bd4+ 34.
Kg2 f4 35. g4 Ng3 36. Rc2 Rb8 37. Nf1 Nxf1 38. Kxf1 Ba8 39. Rce2 e5 40. h4 Rd7
41. Bc2 Kg7 42. Kg2 Kf6 43. Rd1 Ke7 44. Red2 Rdd8 45. Rd3 Re8 46. Bb3 Kd7 47.
Bc2 Kc7 48. Bb3 Rbd8 49. Kf1 Bb7 50. Kg2 Bc8 51. Bc2 Be6 52. Bb3 h5 53. g5 Rd7
54. Ba2 Red8 55. Bb3 Bc3 56. Rxd7+ Rxd7 57. Rxd7+ Bxd7 58. Kf2 Be6 59. Ba2 Bd4+
60. Kg2 Bd7 61. Bb3 1/2-1/2

[Event "X Festival Sant'Anna A"]
[Site "Pisignano - Vernole ITA"]
[Date "2007.08.07"]
[Round "1"]
[White "Fiorentino, Maria Cristina"]
[Black "Vespe, Francesco"]
[Result "1-0"]
[WhiteElo "1666"]
[BlackElo "2058"]
[PlyCount "118"]
[EventDate "2007.08.07"]

1. d4 Nf6 2. Nf3 b6 3. e3 Bb7 4. Nbd2 e6 5. Bd3 c5 6. c3 Nc6 7. O-O Rc8 8. Re1
cxd4 9. exd4 Be7 10. Ne5 O-O 11. f4 Qc7 12. Ndf3 h6 13. Bd2 d6 14. Nxc6 Bxc6
15. Rc1 Qb7 16. Qe2 Rfe8 17. Ba6 Qc7 18. Bxc8 Qxc8 19. c4 Qb7 20. b3 Ne4 21.
Bc3 f5 22. Nd2 Nxc3 23. Rxc3 Bf6 24. Rd3 b5 25. c5 e5 26. dxe5 dxe5 27. Qh5 e4
28. Rg3 Bd4+ 29. Kh1 Bf2 30. Re2 Bxg3 31. hxg3 Qd7 32. Kh2 Kh7 33. g4 g6 34.
Qh3 fxg4 35. Qe3 Qf5 36. Nf1 g5 37. Rf2 Rf8 38. g3 h5 39. Kg1 Kg6 40. fxg5
Qxf2+ 41. Qxf2 Rxf2 42. Kxf2 Kxg5 43. Ke3 h4 44. gxh4+ Kxh4 45. Kf4 Kh3 46. b4
Kh4 47. Ne3 g3 48. Nf5+ Kh3 49. Nxg3 e3 50. Ne2 Kg2 51. Kxe3 Kf1 52. Nd4 Be8
53. c6 Ke1 54. c7 Bd7 55. Nxb5 a6 56. Nd6 Kd1 57. a4 Kc2 58. b5 axb5 59. axb5
Kc3 1-0

[Event "X Festival Sant'Anna A"]
[Site "Pisignano - Vernole ITA"]
[Date "2007.08.07"]
[Round "1"]
[White "Gissi, Gilberto"]
[Black "Sirena, Gianni"]
[Result "1/2-1/2"]
[WhiteElo "2085"]
[BlackElo "1806"]
[PlyCount "25"]
[EventDate "2007.08.07"]

1. e4 d6 2. d4 Nf6 3. Nc3 g6 4. Bg5 Bg7 5. f4 h6 6. Bh4 c6 7. Qd2 Qa5 8. Nf3
Bg4 9. Be2 Nbd7 10. O-O Bxf3 11. Bxf3 e5 12. Bf2 O-O-O 13. b4 1/2-1/2

[Event "X Festival Sant'Anna A"]
[Site "Pisignano - Vernole ITA"]
[Date "2007.08.07"]
[Round "1"]
[White "Guido, Andrea"]
[Black "De Giorgi, Stefano"]
[Result "0-1"]
[WhiteElo "1808"]
[BlackElo "2086"]
[PlyCount "142"]
[EventDate "2007.08.07"]

1. d4 Nf6 2. c4 g6 3. Nc3 Bg7 4. e4 O-O 5. Nge2 d6 6. Ng3 c6 7. Be2 a6 8. a4 h5
9. h4 Qc7 10. Be3 Ng4 11. Bxg4 Bxg4 12. Qd2 Kh7 13. f3 Be6 14. d5 Bd7 15. a5 c5
16. Kf2 b6 17. axb6 Qxb6 18. Na4 Bxa4 19. Rxa4 Qxb2 20. Qxb2 Bxb2 21. Rb1 Bf6
22. Bg5 Bxg5 23. hxg5 Rd8 24. Ne2 Rd7 25. Ra2 Rda7 26. Nc3 Nd7 27. f4 f6 28.
gxf6 Nxf6 29. Kf3 g5 30. e5 Ng4 31. Rh1 Kg6 32. exd6 exd6 33. Re2 Rf7 34. Re6+
Rf6 35. Ne4 Ne5+ 36. Ke2 Rxe6 37. dxe6 Nxc4 38. Kd3 Nb6 39. Rb1 Nd5 40. fxg5
Nf4+ 41. Kc3 Nxe6 42. Nxd6 Nxg5 43. Rb6 Kh7 44. Rc6 Rd8 45. Rxc5 Rxd6 46. Rxg5
Kh6 47. Ra5 Rg6 48. Ra2 h4 49. Kd3 Rf6 50. Ke4 Kg5 51. Ke5 a5 52. Ke4 a4 53.
Ke3 Rf4 54. Ra3 Kg4 55. Ke2 Rb4 56. Kf2 Rf4+ 57. Ke2 Kf5 58. Ke3 Ke5 59. Ke2
Kd5 60. Rc3 Rc4 61. Rf3 Kc5 62. Rf8 Rc2+ 63. Kf3 Kb4 64. Rb8+ Ka3 65. Ra8 Rc4
66. g4 hxg3 67. Kxg3 Kb3 68. Kf3 a3 69. Ke2 a2 70. Kd2 Ra4 71. Rb8+ Kc4 0-1

[Event "X Festival Sant'Anna A"]
[Site "Pisignano - Vernole ITA"]
[Date "2007.08.07"]
[Round "1"]
[White "Isonzo, David"]
[Black "Strippoli, Michele"]
[Result "1-0"]
[WhiteElo "2356"]
[BlackElo "1911"]
[PlyCount "79"]
[EventDate "2007.08.07"]

1. e4 d5 2. exd5 Qxd5 3. Nc3 Qd6 4. d4 Nf6 5. Nf3 a6 6. g3 Bg4 7. Bg2 e6 8. h3
Bxf3 9. Qxf3 c6 10. Be3 Nbd7 11. O-O-O Qc7 12. Kb1 Bb4 13. Ne4 Nd5 14. Bc1 b5
15. Qg4 Bf8 16. Rhe1 O-O-O 17. Qf3 N7b6 18. Bf1 Bb4 19. c3 Bd6 20. h4 h6 21.
Bd3 Rhe8 22. Nxd6+ Rxd6 23. Qg4 f6 24. Re2 Re7 25. Rde1 Qd7 26. h5 Kb7 27. Qf3
Ka7 28. g4 Nc7 29. Bf4 e5 30. Bf5 Ne6 31. dxe5 Rd1+ 32. Kc2 Rxe1 33. Rxe1 Nd5
34. Bc1 fxe5 35. Rxe5 Qd6 36. Re4 Nc5 37. Rxe7+ Nxe7 38. Bf4 Qd8 39. Be3 Nxf5
40. Qxf5 1-0